000
00250nam a22000977a 4500
008
230731b xxu||||| |||| 00| 0 eng d
245
_a
British Rule in Kenya 1895-1912
260
_a
Oxford
_b
Clarendon Press
_c
1966
300
_a
XII, 329p
942
_2
ddc
_c
BK
999
_c
4009
_d
4009